| 000 | 00335nam a2200145Ia 4500 | ||
|---|---|---|---|
| 008 | 230312s9999||||xx |||||||||||||| ||und|| | ||
| 020 | _a0-7336-1290-3 | ||
| 082 |
_a720.19 _bHOD-N |
||
| 100 | _aHodder | ||
| 245 | 0 | _aNoni Hazlehurst's Home | |
| 260 |
_bAPG _aAustralia _c2000 |
||
| 300 | _a248 | ||
| 650 | _aArchitecture | ||
| 942 | _cBK | ||
| 999 |
_c11606 _d11606 |
||